[Event "Eastern op 46th"]
[Site "Tysons"]
[Date "2019.12.29"]
[Round "4"]
[White "Samant, Neil"]
[Black "Jayasundera, Shane"]
[Result "1/2-1/2"]
[WhiteElo "1764"]
[BlackElo "1866"]
[PlyCount "71"]
[EventDate "2019.12.27"]
[EventType "swiss"]
[EventRounds "7"]
[EventCountry "USA"]
[SourceTitle "CBM 194 Extra"]
[Source "ChessBase"]
[SourceDate "2020.03.31"]
[SourceVersion "1"]
[SourceVersionDate "2020.03.31"]
[SourceQuality "1"]

1. e4 e6 2. d4 d5 3. Nd2 dxe4 4. Nxe4 Nd7 5. Nf3 Ngf6 6. Nxf6+ Nxf6 7. g3 c5 8. Bg2 Be7 9. 0-0 0-0 10. c3 Qb6 11. Qe2 Bd7 12. a4 a5 13. dxc5 Bxc5 14. Ne5 Rad8 15. Bg5 Be7 16. Nxd7 Rxd7 17. Be3 Qc7 18. Bd4 Nd5 19. Qg4 g6 20. Qe2 Rfd8 21. Be5 Bd6 22. Bxd6 Rxd6 23. Rfd1 R8d7 24. Bxd5 Rxd5 25. Rxd5 Rxd5 26. Rd1 Re5 27. Qd2 Rd5 28. Qe2 Re5 29. Qd2 Qc4 30. Qh6 Rd5 31. Rxd5 Qxd5 32. Qf4 e5 33. Qe3 Kg7 34. b4 axb4 35. cxb4 Kg8 36. a5 1/2-1/2

[Event "Eastern op 46th"]
[Site "Tysons"]
[Date "2019.12.28"]
[Round "2"]
[White "Samuelson, Andrew"]
[Black "Jayasundera, Shane"]
[Result "1/2-1/2"]
[WhiteElo "2113"]
[BlackElo "1866"]
[PlyCount "46"]
[EventDate "2019.12.27"]
[EventType "swiss"]
[EventRounds "7"]
[EventCountry "USA"]
[SourceTitle "CBM 194 Extra"]
[Source "ChessBase"]
[SourceDate "2020.03.31"]
[SourceVersion "1"]
[SourceVersionDate "2020.03.31"]
[SourceQuality "1"]

1. e4 e5 2. d4 d5 3. Nc3 dxe4 4. Nxe4 Nd7 5. Nf3 Ngf6 6. Nc3 c5 7. Bg5 Qa5 8. Bd2 Qb6 9. Na4 Qd8 10. c3 a6 11. b4 b6 12. g3 Bb7 13. Bg2 Bd6 14. 0-0 0-0 15. Nxb6 Qxb6 16. bxc5 Nxc5 17. Rb1 Qa7 18. dxc5 Bxc5 19. Qe2 Be7 20. Rfd1 h6 21. Bf4 Rad8 22. Bxe5 Rxd1+ 23. Qxd1 Qb6 1/2-1/2